[Event "OLOA 1920 SK König Plauen I - SG G-W D"]
[Site "?"]
[Date "2020.01.18"]
[Round "6.6"]
[White "Pfretzschner, Roland"]
[Black "Gehmlich, Marcel"]
[Result "1/2-1/2"]
[WhiteElo "2234"]
[BlackElo "2203"]
[PlyCount "40"]
[EventDate "2020.??.??"]
[EventType "team-tourn"]

{[%evp 0,40,29,11,56,56,56,47,47,40,92,92,101,70,99,65,67,58,62,58,57,59,46,44,
34,92,88,63,56,57,116,69,105,87,97,112,112,112,107,102,93,102,108]} 1. e4 c5 2.
Nf3 e6 3. d4 cxd4 4. Nxd4 a6 5. Nc3 Qc7 6. g3 Nc6 7. Bg2 Nf6 8. O-O Nxd4 9.
Qxd4 Bc5 10. Qd3 O-O 11. Bf4 d6 12. Rad1 Ne8 13. Na4 e5 14. Bg5 Be6 15. Nxc5
Qxc5 16. b3 f6 17. Be3 Qc6 18. Rd2 b5 19. Rc1 Rf7 20. c3 Rd7 1/2-1/2

[Event "OLOA 1920 SK König Plauen I - SG G-W D"]
[Site "?"]
[Date "2020.01.18"]
[Round "6.7"]
[White "Dahl, Christoph"]
[Black "Hoerr, Matthias"]
[Result "1/2-1/2"]
[WhiteElo "2137"]
[BlackElo "2152"]
[PlyCount "126"]
[EventDate "2020.??.??"]
[EventType "team-tourn"]

{[%evp 0,69,29,11,59,56,56,40,40,40,40,40,120,85,102,63,71,33,93,77,54,-27,49,
55,58,50,50,50,79,74,93,87,84,86,75,70,86,76,100,92,98,100,100,80,80,80,66,18,
57,-7,43,-9,-9,-1,-1,2,47,47,99,127,127,127,154,144,144,159,159,159,165,142,
156,124]} 1. e4 c5 2. Nf3 e6 3. d4 cxd4 4. Nxd4 Nc6 5. Nc3 Qc7 6. Be3 a6 7. Qf3
Nf6 8. O-O-O Be7 9. Kb1 O-O 10. g4 b5 11. Nxc6 Qxc6 12. g5 Ne8 13. Bd3 b4 14.
Ne2 Bb7 15. Qh3 Bc5 16. Rhg1 Bxe3 17. Qxe3 e5 18. f4 Nd6 19. fxe5 Nc4 20. Bxc4
Qxc4 21. Rxd7 Bxe4 22. Nd4 Rad8 23. Rd6 Rfe8 24. Rd1 Bg6 25. b3 Qc5 26. Rxd8
Rxd8 27. Rd2 Rd5 28. e6 fxe6 29. Qxe6+ Bf7 30. Qxa6 Rxg5 31. Qa8+ Qf8 32. Qxf8+
Kxf8 33. Nc6 Rg4 34. Kb2 g5 35. Ne5 Re4 36. Nd7+ Ke7 37. Nc5 Rf4 38. Nd3 Re4
39. c4 bxc3+ 40. Kxc3 h5 41. a4 g4 42. a5 Re3 43. a6 Kd6 44. Kd4 Re8 45. b4 Bd5
46. Rf2 Re4+ 47. Kc3 Rc4+ 48. Kd2 h4 49. Rf6+ Kc7 50. b5 Kb8 51. b6 Rc8 52. Ne5
Rd8 53. Kc3 g3 54. hxg3 hxg3 55. Rg6 g2 56. Rg7 Rd6 57. Kd4 Be6+ 58. Kc5 Rd5+
59. Kc6 Rxe5 60. a7+ Ka8 61. Kc7 Rc5+ 62. Kd6 Rb5 63. Kxe6 Rxb6+ 1/2-1/2

[Event "OLOA 1920 SK König Plauen I - SG G-W D"]
[Site "?"]
[Date "2020.01.18"]
[Round "6.8"]
[White "Linnert, Niklas"]
[Black "Kunze, Christopher"]
[Result "1/2-1/2"]
[WhiteElo "2054"]
[BlackElo "2129"]
[PlyCount "90"]
[EventDate "2020.??.??"]
[EventType "team-tourn"]

1. e4 c5 2. Nf3 Nc6 3. d3 g6 4. g3 Bg7 5. Bg2 e6 6. O-O Nge7 7. Nbd2 b6 8. Re1
d5 9. e5 Qc7 10. Qe2 Nf5 11. c3 h5 12. h4 Ba6 13. Nf1 Rd8 14. Bf4 O-O 15. N3h2
b5 16. a4 Nce7 17. axb5 Bxb5 18. Qd2 d4 19. c4 Bc6 20. b4 cxb4 21. Qxb4 Rb8 22.
Qa3 Rb7 23. Bg5 Rfb8 24. Bxe7 Qxe7 25. Qxe7 Rxe7 26. Nd2 Bxg2 27. Kxg2 Rb2 28.
Nhf3 Bh6 29. Ne4 Reb7 30. Nd6 R7b3 31. Nxf5 gxf5 32. Rad1 Be3 33. Rf1 a5 34.
Kg1 a4 35. fxe3 dxe3 36. Rfe1 a3 37. c5 Rc3 38. Rxe3 a2 39. Ree1 Rxc5 40. Ra1
Rcc2 41. Red1 Kf8 42. Ne1 Re2 43. d4 Re3 44. Kf1 Rxg3 45. Nd3 Rf3+ 1/2-1/2

[Event "OLOA 1920 SK König Plauen II - FVS ASP"]
[Site "?"]
[Date "2020.01.18"]
[Round "6.1"]
[White "Orsag, Milan"]
[Black "Burian, Simon"]
[Result "1/2-1/2"]
[WhiteElo "2297"]
[BlackElo "2124"]
[PlyCount "63"]
[EventDate "2020.??.??"]
[EventType "team-tourn"]

{[%evp 0,63,29,23,32,-23,10,11,57,46,68,60,60,60,63,46,65,59,44,68,72,64,60,60,
64,47,88,52,53,36,35,-58,-67,-67,-51,-51,-14,-58,-31,-21,-21,-21,-22,-26,-26,
-26,-26,-26,-10,-25,0,0,0,0,0,0,0,0,-1,-1,-1,-7,-1,0,-1,-1]} 1. d4 Nf6 2. c4 c5
3. e3 g6 4. Nc3 cxd4 5. exd4 Bg7 6. Nf3 O-O 7. Be2 h6 8. O-O d5 9. cxd5 Nxd5
10. Qb3 Nxc3 11. bxc3 Nc6 12. Rd1 Qc7 13. Qc4 Qd6 14. a4 Be6 15. d5 Rfd8 16.
Bxh6 Bxd5 17. Qh4 Qf6 18. Bg5 Qe6 19. Be3 Bxf3 20. Bxf3 Bxc3 21. Rac1 Rxd1+ 22.
Rxd1 Rd8 23. Rxd8+ Nxd8 24. g3 a6 25. Qf4 Qf6 26. Qb8 Qxf3 27. Qxd8+ Kg7 28.
Qxe7 Qd1+ 29. Kg2 Qd5+ 30. Kg1 Qd1+ 31. Kg2 Qd5+ 32. Kg1 1/2-1/2

[Event "OLOA 1920 SK König Plauen II - FVS ASP"]
[Site "?"]
[Date "2020.01.18"]
[Round "6.2"]
[White "Paul, Mathias"]
[Black "Spivak, Ilya"]
[Result "0-1"]
[WhiteElo "2164"]
[BlackElo "2306"]
[PlyCount "62"]
[EventDate "2020.??.??"]
[EventType "team-tourn"]

{[%evp 0,62,23,23,19,32,32,-5,44,11,9,14,14,-24,-19,-38,-24,-30,-9,-9,-9,-52,
-9,-14,18,30,30,29,30,36,39,21,14,25,25,-87,-98,-98,-88,-100,-97,-88,-65,-104,
-77,-80,-80,-111,-105,-138,-115,-148,-136,-163,-152,-177,-145,-177,-160,-201,
-177,-192,-156,-493,-493]} 1. d4 d5 2. Nf3 Nf6 3. g3 c6 4. Bg2 Bf5 5. O-O h6 6.
b3 e6 7. c4 Nbd7 8. Bb2 Be7 9. Nc3 O-O 10. Re1 Bh7 11. Nd2 Re8 12. e4 dxe4 13.
Ndxe4 Nxe4 14. Nxe4 Nf6 15. Nc5 Qc7 16. Nd3 Rad8 17. c5 Bxd3 18. Qxd3 Bxc5 19.
Qc4 Bf8 20. Rac1 Qb6 21. h3 a5 22. Kh2 a4 23. f4 axb3 24. axb3 Ra8 25. Re2 Ra2
26. Rce1 Bb4 27. Rb1 Rd8 28. Re5 Bd6 29. Re3 Nd5 30. Ree1 Qa5 31. Qd3 Rxb2 0-1

[Event "OLOA 1920 SK König Plauen II - FVS ASP"]
[Site "?"]
[Date "2020.01.18"]
[Round "6.3"]
[White "Jahnel, Guenther"]
[Black "Beyer, Christof"]
[Result "1-0"]
[WhiteElo "2188"]
[BlackElo "2011"]
[PlyCount "97"]
[EventDate "2020.??.??"]
[EventType "team-tourn"]

{[%evp 0,68,23,32,32,-23,13,10,60,60,60,60,88,81,110,117,150,84,106,92,92,98,
121,73,67,78,124,59,67,67,67,65,82,69,88,81,137,116,116,105,110,101,101,94,145,
117,141,117,133,123,123,121,103,90,59,48,49,36,91,62,97,68,109,112,124,138,138,
152,183,175,319]} 1. d4 Nf6 2. c4 c5 3. d5 e6 4. Nc3 exd5 5. cxd5 d6 6. Nf3 g6
7. e4 a6 8. a4 Bg4 9. Be2 Bxf3 10. Bxf3 Bg7 11. O-O O-O 12. Bf4 Re8 13. Re1 Qc7
14. h3 Nbd7 15. Qc2 Rab8 16. Be2 c4 17. a5 b5 18. axb6 Qxb6 19. Bxc4 Nh5 20.
Bc1 a5 21. Ra2 Rec8 22. Be2 Nhf6 23. Be3 Nc5 24. f3 Qb4 25. Rd1 Nfd7 26. Bf2
Nb3 27. Bf1 Rc7 28. Kh1 Rbc8 29. Be1 Qb6 30. Ra3 Nd4 31. Qf2 Rb8 32. Na4 Qa7
33. Rc3 Nc5 34. Rxd4 Bxd4 35. Qxd4 Nxa4 36. Qxa4 Rxb2 37. Qe8+ Kg7 38. Qd8 Rd7
39. Qc8 Rb1 40. Rc1 Rxc1 41. Qxc1 a4 42. Bb5 Rb7 43. Bc3+ f6 44. Qf4 Rf7 45.
Qxd6 a3 46. e5 a2 47. exf6+ Kg8 48. Qe5 Qc5 49. Be8 1-0

[Event "OLOA 1920 SK König Plauen II - FVS ASP"]
[Site "?"]
[Date "2020.01.18"]
[Round "6.4"]
[White "Pfeufer, Lion"]
[Black "Kesik, Klaus-Dieter"]
[Result "0-1"]
[WhiteElo "2030"]
[BlackElo "2211"]
[PlyCount "78"]
[EventDate "2020.??.??"]
[EventType "team-tourn"]

1. e4 c6 2. d4 d5 3. e5 c5 4. c3 Nc6 5. h3 Bf5 6. Bd3 Bxd3 7. Qxd3 e6 8. Nf3 c4
9. Qc2 b5 10. O-O h6 11. Nh2 Nge7 12. f4 Qb6 13. Be3 h5 14. g4 Kd7 15. Nf3 g6
16. Ng5 Nd8 17. Nd2 hxg4 18. hxg4 Rh4 19. Qd1 Bh6 20. Nh7 Bg7 21. Ng5 f6 22.
exf6 Bxf6 23. Bf2 Bxg5 24. fxg5 Rh7 25. Bg3 Nf7 26. Nf3 Re8 27. Kg2 Nd6 28.
Ne5+ Kc8 29. a3 Ne4 30. Bf4 Nc6 31. Nxc6 Qxc6 32. Rh1 Rf7 33. Be3 Ref8 34. Qe2
Qc7 35. Rh3 e5 36. Rd1 exd4 37. cxd4 Qe7 38. Rdh1 Nxg5 39. Rh8 Qe4+ 0-1

[Event "OLOA 1920 SK König Plauen II - FVS ASP"]
[Site "?"]
[Date "2020.01.18"]
[Round "6.5"]
[White "Boehm, Robert"]
[Black "Hoerr, Christian"]
[Result "1-0"]
[WhiteElo "2154"]
[BlackElo "1907"]
[PlyCount "35"]
[EventDate "2020.??.??"]
[EventType "team-tourn"]

{[%evp 0,35,30,20,80,20,13,16,28,23,22,6,116,77,70,38,38,10,20,22,20,24,33,32,
32,32,71,76,76,70,86,83,100,111,131,115,107,115]} 1. Nf3 c5 2. c4 Nc6 3. Nc3 d6
4. g3 e5 5. d3 g6 6. Bg2 Bg7 7. O-O Nge7 8. Ne1 O-O 9. Nc2 a6 10. Rb1 Be6 11.
b4 cxb4 12. Nxb4 Nxb4 13. Rxb4 Rb8 14. Rxb7 Rxb7 15. Bxb7 Qc7 16. Bg2 Rb8 17.
Ba3 f5 18. Qd2 1-0

[Event "OLOA 1920 SK König Plauen II - FVS ASP"]
[Site "?"]
[Date "2020.01.18"]
[Round "6.6"]
[White "Merkel, Toni"]
[Black "Grohmann, Alexander"]
[Result "1/2-1/2"]
[WhiteElo "1901"]
[BlackElo "1967"]
[PlyCount "52"]
[EventDate "2020.??.??"]
[EventType "team-tourn"]

{[%evp 0,52,23,8,56,56,94,65,82,55,56,49,90,38,33,43,53,8,33,-13,-2,-4,-17,-17,
-17,-7,7,-8,1,-1,2,-34,-38,-40,-5,-13,6,13,13,12,37,23,14,14,14,16,21,0,35,15,
15,11,-5,-16,-16]} 1. e4 c5 2. Nf3 d6 3. d4 cxd4 4. Nxd4 Nf6 5. Nc3 a6 6. Be2
e5 7. Nb3 Be7 8. g4 Be6 9. Be3 d5 10. g5 Nxe4 11. Nxe4 dxe4 12. Qxd8+ Bxd8 13.
Nc5 Bd5 14. O-O-O Bc6 15. Bc4 b6 16. Nb3 a5 17. Bd5 O-O 18. Bxc6 Nxc6 19. Nd2
Nb4 20. a3 Nd5 21. Nxe4 Nxe3 22. fxe3 b5 23. Rd5 b4 24. a4 Bb6 25. Re1 Rfe8 26.
Rb5 Re6 1/2-1/2

[Event "OLOA 1920 SK König Plauen II - FVS ASP"]
[Site "?"]
[Date "2020.01.18"]
[Round "6.7"]
[White "Heyme, Sibylle"]
[Black "Franz, Tobias"]
[Result "1-0"]
[WhiteElo "2043"]
[BlackElo "1851"]
[PlyCount "49"]
[EventDate "2020.??.??"]
[EventType "team-tourn"]

{[%evp 0,49,23,3,11,11,39,-51,36,36,32,25,25,12,23,12,12,-6,-5,-23,-9,-11,7,
-14,8,6,19,19,29,29,46,-5,30,-23,26,22,22,32,33,8,30,14,70,54,72,82,96,88,212,
212,485,504]} 1. e4 e5 2. Nf3 Nf6 3. Nxe5 d6 4. Nf3 Nxe4 5. Nc3 Nxc3 6. dxc3
Nc6 7. Be3 Be7 8. Qd2 Be6 9. h3 Qd7 10. Bd3 a6 11. b3 Bf6 12. O-O-O O-O-O 13.
Rhe1 h6 14. Nd4 Nxd4 15. cxd4 d5 16. g4 Be7 17. Kb1 Kb8 18. f3 Rde8 19. Re2 f5
20. Bf4 Bf6 21. Qb4 Ka8 22. Qa5 Kb8 23. Rde1 Bxd4 24. Qb4 Bb6 25. Qxb6 1-0

[Event "OLOA 1920 SK König Plauen II - FVS ASP"]
[Site "?"]
[Date "2020.01.18"]
[Round "6.8"]
[White "Graf, Lucas"]
[Black "Hassemeier, Mika"]
[Result "1/2-1/2"]
[WhiteElo "1865"]
[BlackElo "2062"]
[PlyCount "41"]
[EventDate "2020.??.??"]
[EventType "team-tourn"]

{[%evp 0,41,23,32,32,-5,14,7,14,-9,20,5,-13,-64,-16,-40,6,-8,-3,-5,-9,-39,2,
-45,-28,-28,-27,-35,-13,-6,6,6,15,3,13,11,8,2,2,11,9,-8,-1,-11]} 1. Nf3 Nf6 2.
g3 g6 3. Bg2 Bg7 4. d3 c5 5. e4 Nc6 6. c3 O-O 7. O-O e5 8. Bg5 h6 9. Bxf6 Bxf6
10. Qb3 Rb8 11. a4 d6 12. Nbd2 Be6 13. Qc2 a6 14. Nc4 b5 15. axb5 axb5 16. Ne3
Qb6 17. Nd5 Bxd5 18. exd5 Ne7 19. Nd2 Bg7 20. b3 Ra8 21. Ra2 1/2-1/2

[Event "OLOA 1920 SG 1871 Löberitz - SV Sanger"]
[Site "?"]
[Date "2020.01.18"]
[Round "6.1"]
[White "Strache, Michael"]
[Black "Stein, Robert"]
[Result "1/2-1/2"]
[WhiteElo "2300"]
[BlackElo "2327"]
[PlyCount "58"]
[EventDate "2020.??.??"]
[EventType "team-tourn"]

{[%evp 0,58,35,-17,-13,-13,-2,-13,-21,-53,-53,-53,-22,-66,-34,-12,2,-3,0,-52,
-26,-26,-34,-38,-18,-14,-16,-41,19,-5,-21,-21,-4,1,13,45,39,1,46,-11,33,13,32,
46,46,-4,22,12,8,-5,-3,-19,-19,11,17,12,30,8,30,29,30]} 1. c4 e5 2. Nc3 Nf6 3.
Nf3 Nc6 4. d4 exd4 5. Nxd4 Bb4 6. g3 O-O 7. Bg2 Ne5 8. Qb3 Bc5 9. Nf3 Nxf3+ 10.
Bxf3 d6 11. Na4 Bb6 12. Nxb6 axb6 13. Qc3 d5 14. cxd5 Nxd5 15. Qd2 Be6 16. O-O
c6 17. e4 Nf6 18. a3 Qe7 19. Qd4 b5 20. Bg5 Ra4 21. Qc3 h6 22. Be3 Nd7 23. Bf4
Rc4 24. Qd2 Qf6 25. Bg2 Nc5 26. Qe2 Re8 27. Rfe1 b4 28. Bd6 bxa3 29. Rxa3 Bd5
1/2-1/2

[Event "OLOA 1920 SG 1871 Löberitz - SV Sanger"]
[Site "?"]
[Date "2020.01.18"]
[Round "6.2"]
[White "Pallas, Sebastian"]
[Black "Engelmann, Jakob"]
[Result "1-0"]
[WhiteElo "2268"]
[BlackElo "2290"]
[PlyCount "51"]
[EventDate "2020.??.??"]
[EventType "team-tourn"]

{[%evp 0,51,35,28,69,62,62,45,49,16,50,45,73,70,74,54,52,31,36,37,37,28,40,37,
12,25,37,35,35,11,43,40,48,3,23,-10,15,-12,24,33,33,48,53,72,164,45,225,200,
200,200,200,204,513,494]} 1. e4 c6 2. d4 d5 3. Nc3 dxe4 4. Nxe4 Bf5 5. Ng3 Bg6
6. h4 h6 7. Nf3 Nd7 8. h5 Bh7 9. Bd3 Bxd3 10. Qxd3 e6 11. Bd2 Ngf6 12. O-O-O
Be7 13. Kb1 O-O 14. Ne4 c5 15. Be3 Qa5 16. Nfd2 Rfd8 17. Nb3 Qa4 18. Nc3 Qb4
19. a3 Qb6 20. dxc5 Nxc5 21. Qc4 Rdc8 22. Bxc5 Bxc5 23. Na4 Qc6 24. Naxc5 b6
25. Qa4 bxc5 26. Rd8+ 1-0

[Event "OLOA 1920 SG 1871 Löberitz - SV Sanger"]
[Site "?"]
[Date "2020.01.18"]
[Round "6.3"]
[White "Heyder, Florian"]
[Black "Niegsch, Nicolas"]
[Result "1/2-1/2"]
[WhiteElo "2202"]
[BlackElo "2291"]
[PlyCount "57"]
[EventDate "2020.??.??"]
[EventType "team-tourn"]

{[%evp 0,57,28,23,23,-18,-10,-23,81,42,29,30,32,23,41,1,54,72,64,58,58,61,61,
61,73,32,19,19,19,-24,47,19,65,51,51,51,57,15,46,11,33,51,67,-9,60,58,58,41,71,
63,74,26,28,-5,13,-3,62,62,41,50]} 1. d4 d5 2. c4 e6 3. Nc3 c5 4. Nf3 Nc6 5.
cxd5 exd5 6. dxc5 d4 7. Na4 Bxc5 8. Nxc5 Qa5+ 9. Bd2 Qxc5 10. Rc1 Qb6 11. e3
Nf6 12. Nxd4 Nxd4 13. exd4 O-O 14. Bc3 Bg4 15. f3 Be6 16. Bd3 Bxa2 17. O-O Rfe8
18. Qa4 Bd5 19. Qb4 Qxb4 20. Bxb4 Re3 21. Rfd1 g6 22. Kf2 Re6 23. Re1 Kg7 24.
Re5 Rb6 25. Ba3 Rd8 26. Rc2 Be6 27. Be2 Bf5 28. Rd2 Nd5 29. Bc4 1/2-1/2

[Event "OLOA 1920 SG 1871 Löberitz - SV Sanger"]
[Site "?"]
[Date "2020.01.18"]
[Round "6.4"]
[White "Reizniece-Ozola, Dana"]
[Black "Hillmann, Michael"]
[Result "1-0"]
[WhiteElo "2313"]
[BlackElo "2144"]
[PlyCount "63"]
[EventDate "2020.??.??"]
[EventType "team-tourn"]

{[%evp 0,63,28,-13,-10,-17,26,26,10,33,69,18,36,40,62,67,88,36,37,37,37,-109,
-83,-115,-115,-94,-98,-60,-59,-60,-8,-64,-67,-77,-30,-91,-36,-54,-162,-142,
-191,-204,-74,-81,-81,-81,-82,0,125,0,0,226,118,118,26,26,259,202,202,202,402,
1206,29991,29992,29995,29996]} 1. c4 Nf6 2. Nc3 c6 3. Nf3 d5 4. e3 a6 5. Qc2
Nbd7 6. d4 dxc4 7. Bxc4 b5 8. Bxf7+ Kxf7 9. Ng5+ Ke8 10. Nxh7 Nb6 11. Ng5 Rh6
12. e4 e5 13. dxe5 Ng4 14. Nf3 Re6 15. Bf4 Nc4 16. Rd1 Qb6 17. O-O Bc5 18. Bg3
Nce3 19. Qe2 Nxd1 20. Rxd1 Nh6 21. Ng5 Re7 22. Qh5+ Kf8 23. Qg6 Nf7 24. Nh7+
Kg8 25. Nf6+ Kf8 26. Nh5 Nd8 27. Bh4 Ne6 28. Bxe7+ Bxe7 29. Rd3 Ra7 30. Rf3+
Kg8 31. Qf7+ Kh7 32. Nf6+ 1-0

[Event "OLOA 1920 SG 1871 Löberitz - SV Sanger"]
[Site "?"]
[Date "2020.01.18"]
[Round "6.5"]
[White "Hellwig, Tobias"]
[Black "Schuetze, Norman"]
[Result "0-1"]
[WhiteElo "2223"]
[BlackElo "2282"]
[PlyCount "92"]
[EventDate "2020.??.??"]
[EventType "team-tourn"]

{[%evp 0,92,23,13,27,-18,24,24,24,22,16,6,21,-9,-9,-49,-13,-9,-3,-42,-9,-106,
-50,-43,-11,-65,-46,-17,-3,-12,27,20,36,20,36,20,20,20,20,20,148,58,148,172,
200,180,187,129,94,110,87,90,90,52,87,95,124,154,166,115,115,120,120,155,155,
83,174,146,153,135,166,118,186,117,129,-161,-161,-151,-151,-159,-159,-159,-159,
-159,-35,-60,-44,-57,-130,-348,-696,-834,-868,-2010,-2439]} 1. d4 Nf6 2. g3 g6
3. Bg2 d5 4. Nf3 Bg7 5. O-O O-O 6. Nbd2 Nc6 7. c4 dxc4 8. Nxc4 Be6 9. Ne3 Nd5
10. Ne1 Qd7 11. N3c2 Nb6 12. e3 Rad8 13. Nd3 Bc4 14. Nc5 Qc8 15. Re1 e5 16. b3
exd4 17. bxc4 dxe3 18. Qe2 exf2+ 19. Qxf2 Nxc4 20. Bg5 f6 21. Bf4 g5 22. Be3
N4e5 23. Qe2 b6 24. Qb5 Na5 25. Rad1 c6 26. Qa4 Nac4 27. Ne4 a5 28. Qb3 b5 29.
a4 Rxd1 30. Rxd1 Qg4 31. Nf2 bxa4 32. Qa2 Qh5 33. Bxc6 Kh8 34. Bd5 f5 35. Bd4
f4 36. g4 Nxg4 37. Bxg7+ Kxg7 38. Qa1+ Kh6 39. Nxg4+ Qxg4+ 40. Kh1 f3 41. Rg1
Qf4 42. Qf1 Nd2 43. Qh3+ Kg7 44. Nd4 Qxd4 45. Rxg5+ Kh8 46. Qf5 Qa1+ 0-1

[Event "OLOA 1920 SG 1871 Löberitz - SV Sanger"]
[Site "?"]
[Date "2020.01.18"]
[Round "6.6"]
[White "Mertens, Fridolin"]
[Black "Richter, Dustin"]
[Result "0-1"]
[WhiteElo "2146"]
[BlackElo "2131"]
[PlyCount "120"]
[EventDate "2020.??.??"]
[EventType "team-tourn"]

{[%evp 0,120,23,26,46,46,62,68,41,41,41,31,131,84,84,72,84,46,82,76,61,37,37,
37,58,39,46,46,35,18,44,20,20,22,22,33,53,49,98,98,138,138,138,111,138,140,157,
107,114,114,114,114,202,53,53,53,53,53,53,47,50,37,59,25,35,16,20,16,16,15,38,
44,44,44,17,11,11,5,-6,0,62,-25,55,-51,-55,-59,-47,-81,-81,-81,-98,-122,-124,
-124,-200,-289,-158,-158,-158,-158,-158,-158,-161,-161,-171,-171,-179,-179,
-179,-179,-179,-179,-158,-141,-162,-162,-176,-141,-118,-29985,-29986,-29987,
-29988]} 1. e4 c5 2. Nf3 e6 3. d4 cxd4 4. Nxd4 Nc6 5. Nc3 Qc7 6. Be3 Nf6 7. Qf3
a6 8. O-O-O Be7 9. Nxc6 dxc6 10. Qg3 Qxg3 11. hxg3 b5 12. f3 O-O 13. g4 e5 14.
g5 Nd7 15. g3 Nc5 16. Rd2 Ne6 17. f4 f6 18. Rdh2 fxg5 19. f5 Nd8 20. Rxh7 Nf7
21. R7h2 Bd7 22. Be2 Nh6 23. Nd1 c5 24. Nf2 Bc6 25. Bh5 Be8 26. Ng4 Nxg4 27.
Bxg4 Bc6 28. Bf3 g4 29. Bg2 Rad8 30. Rh5 Be8 31. Bg5 Bxh5 32. Bxe7 Bf7 33. Bxf8
Kxf8 34. b3 Rd4 35. Rh4 c4 36. Rxg4 c3 37. Rh4 Rd2 38. Bf3 Rf2 39. Bd1 Ke7 40.
Rh1 b4 41. a3 bxa3 42. Kb1 a5 43. Ka2 a4 44. Kxa3 axb3 45. cxb3 Rb2 46. Bh5
Rxb3+ 47. Ka2 Bc4 48. Rc1 Kd6 49. Bd1 Rb2+ 50. Ka1 Rd2 51. Bf3 Ra2+ 52. Kb1
Rb2+ 53. Ka1 Rb3 54. Bd1 Ra3+ 55. Kb1 Kc5 56. Bc2 Ba2+ 57. Ka1 Bb3+ 58. Kb1 Kc4
59. Rd1 Bxc2+ 60. Kxc2 Ra2+ 0-1

[Event "OLOA 1920 SG 1871 Löberitz - SV Sanger"]
[Site "?"]
[Date "2020.01.18"]
[Round "6.7"]
[White "Buerckner, Georg"]
[Black "Otikova, Elina"]
[Result "0-1"]
[WhiteElo "2034"]
[BlackElo "2095"]
[PlyCount "66"]
[EventDate "2020.??.??"]
[EventType "team-tourn"]

{[%evp 0,66,26,28,37,37,42,25,24,24,14,35,66,46,75,75,99,84,84,-23,-25,-22,12,
-127,4,-52,-14,-62,-54,-41,-39,-73,-93,-137,-137,-188,-212,-212,-212,-265,-264,
-305,-253,-300,-316,-313,-284,-329,-322,-365,-359,-387,-344,-344,-414,-426,
-432,-405,-370,-510,-492,-541,-395,-431,-458,-544,-514,-514,-416]} 1. e4 e5 2.
Nf3 Nc6 3. Bc4 Bc5 4. O-O d6 5. c3 Nf6 6. d4 Bb6 7. dxe5 Nxe5 8. Nxe5 dxe5 9.
Qb3 O-O 10. Bg5 Qd6 11. Rd1 Qe7 12. Bh4 Bg4 13. Re1 Rad8 14. Na3 Rd2 15. Nc2
Qd7 16. a4 Bd1 17. Raxd1 Rxd1 18. a5 Bxa5 19. f3 Bb6+ 20. Kf1 Nh5 21. Nb4 Rxe1+
22. Bxe1 Nf4 23. Nd5 Nxd5 24. exd5 Qd6 25. Bf2 e4 26. Bxb6 axb6 27. Kg1 exf3
28. gxf3 g6 29. Bd3 Ra8 30. Kg2 Qf4 31. Qd1 Qg5+ 32. Kf2 Qxd5 33. Qe2 Rd8 0-1

[Event "OLOA 1920 SG 1871 Löberitz - SV Sanger"]
[Site "?"]
[Date "2020.01.18"]
[Round "6.8"]
[White "Boehm, Christian"]
[Black "Ellemann, Stefan"]
[Result "0-1"]
[WhiteElo "2083"]
[BlackElo "2016"]
[PlyCount "82"]
[EventDate "2020.??.??"]
[EventType "team-tourn"]

{[%evp 0,82,26,13,25,27,32,-23,33,-10,11,10,-6,-28,-28,-28,-26,-26,-14,-10,-10,
-44,21,-56,-19,-71,-53,-53,-9,-9,-23,-23,-23,-23,-23,-23,-19,-23,-23,-56,-19,
-61,-58,-62,-57,-61,-70,-127,-119,-119,-126,-208,-223,-223,-180,-193,-173,-353,
-227,-298,-304,-305,-302,-302,-300,-309,-234,-264,-262,-262,-248,-288,-278,
-249,-240,-321,-321,-393,-361,-521,-549,-549,-524,-586,-493]} 1. d4 d5 2. Nf3
Nf6 3. c4 c6 4. Qc2 dxc4 5. Qxc4 Bf5 6. g3 e6 7. Bg2 Nbd7 8. O-O Be7 9. Nc3 O-O
10. e3 b5 11. Qe2 b4 12. Na4 Be4 13. Bd2 Nb6 14. Nxb6 axb6 15. Ne5 Bxg2 16.
Kxg2 c5 17. Qf3 Qd5 18. Qxd5 exd5 19. Rfc1 Ra4 20. b3 Ra3 21. Nd3 Ne4 22. Be1
Rfa8 23. f3 Rxa2+ 24. Rxa2 Rxa2+ 25. Kh3 Ng5+ 26. Kg4 g6 27. dxc5 bxc5 28. Kf4
Re2 29. Nf2 Ne6+ 30. Ke5 Rxe3+ 31. Kxd5 Rxb3 32. f4 Rb2 33. Ne4 Rxh2 34. Bf2
Rg2 35. Rb1 Kg7 36. Rb2 Kf8 37. Rc2 h5 38. Rc4 h4 39. gxh4 Nxf4+ 40. Kc6 Nd3
41. Rc2 Nxf2 0-1

[Event "OLOA 1920 SG Leipzig II - USV Halle"]
[Site "?"]
[Date "2020.01.18"]
[Round "6.1"]
[White "Becker, Michael"]
[Black "Boehnisch, Manfred"]
[Result "1-0"]
[WhiteElo "2269"]
[BlackElo "2255"]
[PlyCount "87"]
[EventDate "2020.??.??"]
[EventType "team-tourn"]

{[%evp 0,87,26,24,62,62,62,56,65,23,65,-9,0,-14,54,37,37,41,41,36,36,36,54,29,
49,41,48,48,48,48,18,18,-7,-19,-12,-12,9,-12,-12,-13,-9,-13,-3,-53,-53,-99,-99,
-100,-84,-99,-37,-27,0,0,36,24,39,56,123,147,141,120,171,158,171,158,139,146,
132,121,280,308,296,307,291,287,271,311,179,398,435,446,471,538,735,735,735,
735,1016,1015]} 1. e4 c6 2. d4 d5 3. e5 Bf5 4. h4 h5 5. c4 e6 6. Nc3 Be7 7.
cxd5 cxd5 8. Bd3 Bxd3 9. Qxd3 Nc6 10. Nf3 Rc8 11. g3 a6 12. O-O Nh6 13. Bxh6
Rxh6 14. Rac1 g5 15. Qe3 Rg6 16. hxg5 Bxg5 17. Nxg5 Qxg5 18. Qxg5 Rxg5 19. Ne2
h4 20. Kg2 hxg3 21. f4 Rg4 22. Rh1 Ke7 23. b4 Rgg8 24. a3 Na7 25. f5 exf5 26.
Nf4 Rgd8 27. Rxc8 Nxc8 28. Rh7 Nb6 29. e6 Kd6 30. Rxf7 Nc8 31. Rxb7 Kc6 32. Rg7
Kd6 33. Kxg3 Ne7 34. Ng6 Rg8 35. Rxg8 Nxg8 36. e7 Nf6 37. Kf4 Ke6 38. a4 Ne8
39. b5 axb5 40. axb5 Kd7 41. Kxf5 Nd6+ 42. Kf6 Nxb5 43. Kf7 Nd6+ 44. Kf8 1-0

[Event "OLOA 1920 SG Leipzig II - USV Halle"]
[Site "?"]
[Date "2020.01.18"]
[Round "6.2"]
[White "Dietze, Frank"]
[Black "Hartge, Gedeon"]
[Result "0-1"]
[WhiteElo "2078"]
[BlackElo "2239"]
[PlyCount "72"]
[EventDate "2020.??.??"]
[EventType "team-tourn"]

{[%evp 0,72,27,13,32,-10,10,10,56,-22,10,-5,55,-44,-31,-37,-10,-10,1,1,0,9,9,0,
8,-62,88,43,78,78,109,109,86,44,98,98,118,118,112,126,124,124,112,86,124,124,
124,100,123,93,93,120,123,120,141,87,87,87,138,70,97,26,26,-239,-239,-305,-298,
-339,-404,-428,-345,-825,-860,-767,-799]} 1. d4 Nf6 2. c4 c5 3. d5 b5 4. Qc2 d6
5. e4 Nbd7 6. f4 e6 7. Nf3 bxc4 8. dxe6 fxe6 9. e5 dxe5 10. fxe5 Nd5 11. Bxc4
Be7 12. Bd3 Nf8 13. a3 Qb6 14. Nc3 Nxc3 15. bxc3 Rb8 16. Qe2 Ng6 17. Rb1 Qxb1
18. Bxb1 Rxb1 19. Qc2 Rb7 20. Qa4+ Bd7 21. Qa6 Rb1 22. O-O O-O 23. Re1 Rfb8 24.
Qxa7 Bc6 25. Nd2 R1b7 26. Qa6 Rb6 27. Qc4 Bd5 28. Qg4 c4 29. Nxc4 Rc6 30. Nd2
Rxc3 31. Qa4 Rbc8 32. Bb2 Rc2 33. Qa6 Ra8 34. Qd3 Rxb2 35. Nf3 Rxg2+ 36. Kh1
Rf2 0-1